00721cam a2200217 a 450000100100000000500170001000800410002704000250006808200170009310000390011024000290014924500870017826000570026530000190032249000230034149000340036465000220039865000240042083000360044483000230048000000577620200929151759.0760714s1968 uy 000 p spa  aDO-SdBNPbspacBNPHU aU861.4bI64s1 aIpuche, Pedro Leandro,d1889-1976.10aPoems. Selections.f196810aSelección de prosas /cPedro Leandro Ipuche ; prólogo de Domingo Luis Bordoli. aMontevideo :b[Tall. Graf. Barreiro y Ramos],c1968. a2 v. ;c19 cm.1 aBiblioteca Artigas1 aClásicos uruguayosv127-128 4aPoesía uruguaya 4aLiteratura uruguaya 0aClásicos uruguayos ;v127-128 0aBiblioteca Artigas